| 000 | 00545nam a2200181 i 4500 | ||
|---|---|---|---|
| 001 | 32370 | ||
| 003 | ES-MaACL | ||
| 007 | t| | ||
| 008 | 030131s1906 gw ||||1| eng d | ||
| 100 | 1 |
_aBennett, Arnold. _927731 |
|
| 245 | 1 | 0 |
_aSacred and profane love _b: a novel in three episodes / _cby Arnold Bennett. |
| 260 |
_aLeipzig : _bBernhard Tauchnitz, _c1906. |
||
| 300 |
_a288 p. ; _c16 cm. |
||
| 490 | 1 | _aCollection of British authors | |
| 830 | 0 |
_aCollection of British authors _9180703 |
|
| 852 |
_aES-MaACL _jG-13043 |
||
| 999 |
_c32370 _d32370 |
||